Intranet document management : (Record no. 344521)

000 -LEADER
fixed length control field 01094 a2200193 4500
020 ## - INTERNATIONAL STANDARD BOOK NUMBER
International Standard Book Number 0201873796
020 ## - INTERNATIONAL STANDARD BOOK NUMBER
International Standard Book Number 9780201873795
082 04 - DEWEY DECIMAL CLASSIFICATION NUMBER
Classification number 651.79
090 ## - LOCALLY ASSIGNED LC-TYPE CALL NUMBER (OCLC); LOCAL CALL NUMBER (RLIN)
-- 2018
-- 2018
100 1# - MAIN ENTRY--PERSONAL NAME
Personal name Bannan, Joan.
245 10 - TITLE STATEMENT
Title Intranet document management :
Remainder of title a guide for webmasters and content providers /
Statement of responsibility, etc. Joan Bannan.
260 ## - PUBLICATION, DISTRIBUTION, ETC.
Place of publication, distribution, etc. [S.l.] :
Name of publisher, distributor, etc. Addison-Wesley (C),
Date of publication, distribution, etc. 1997.
300 ## - PHYSICAL DESCRIPTION
Extent 295 p. ;
Dimensions 24 cm.
500 ## - GENERAL NOTE
General note Textbook Binding.
520 ## - SUMMARY, ETC.
Summary, etc. Intranet Document Management is the first book to address the most important considerations in designing and maintaining an organization's Intranet. Web site implementers who want to transform document and information management by instituting an internal "Web" within their organization will learn how to manage extensive collections of Web documents, handle very large documents, convert legacy documents, access databases.
856 40 - ELECTRONIC LOCATION AND ACCESS
Materials specified Amazon.com
Uniform Resource Identifier <a href="http://www.amazon.com/exec/obidos/ASIN/0201873796/chopaconline-20">http://www.amazon.com/exec/obidos/ASIN/0201873796/chopaconline-20</a>
856 40 - ELECTRONIC LOCATION AND ACCESS
Materials specified Amazon customer reviews
Uniform Resource Identifier <a href="http://www.chopac.org/cgi-bin/tools/azrev.pl?q=0201873796">http://www.chopac.org/cgi-bin/tools/azrev.pl?q=0201873796</a>
942 ## - ADDED ENTRY ELEMENTS (KOHA)
Institution code [OBSOLETE] NBS
Koha item type Book
Call number prefix 651.79 BAN
Holdings
Withdrawn status Lost status Damaged status Not for loan Permanent Location Current Location Date acquired Total Checkouts Full call number Barcode Date last seen Price effective from Koha item type
        Central Library (CL) Central Library (CL) 08/28/2013   651.79 BAN NBS3859 08/28/2013 08/28/2013 Book
© 2023 Central Library, National University of Sciences and Technology. All Rights Reserved.